书目信息 |
| 题名: |
吕氏春秋。淮南子
|
|
| 作者: | 杨坚 点校 | |
| 分册: | ||
| 出版信息: | 长沙 岳麓书社 1989.03 |
|
| 页数: | 327页 | |
| 开本: | 32开 | |
| 丛书名: | ||
| 单 册: | ||
| 中图分类: | B229 | |
| 科图分类: | ||
| 主题词: | 先秦哲学 | |
| 电子资源: | ||
| ISBN: | 7-80520-145-5 | |
| 000 | 00538nam0 2200193 45 | |
| 001 | 0010231950 | |
| 005 | 20001023191835.5 | |
| 010 | @a7-80520-145-5@d19.00元 | |
| 100 | @a20001023d1989 km y0chiy0120 ea | |
| 101 | 0 | @achi |
| 105 | @a z 000yy | |
| 200 | 1 | @a吕氏春秋。淮南子@ALu Shi Chun Qiu。Huai Nan Zi@f杨坚点校@FYang Jian Dian Xiao |
| 210 | @a长沙@c岳麓书社@d1989.03 | |
| 215 | @a327页@d32开 | |
| 606 | 0 | @a先秦哲学 |
| 690 | @aB229@v3 | |
| 701 | 0 | @a杨坚@4点校 |
| 801 | @aCN@bPftUser@c20001023 | |
| 905 | @b184773-775@dB229@eL855@f3 | |
| 吕氏春秋。淮南子/杨坚点校.-长沙:岳麓书社,1989.03 |
| 327页;32开 |
| ISBN 7-80520-145-5:19.00元 |
| ● |
| 相关链接 |
|
|
|
正题名:吕氏春秋。淮南子
索取号:B229/L855
 
预约/预借
| 序号 | 登录号 | 条形码 | 馆藏地/架位号 | 状态 | 备注 |
| 1 | 184773 | 201847733 | 社科库509/509社科库 14排2列3层/ [索取号:B229/L855] | 在馆 | |
| 2 | 184774 | 201847742 | 社科库509/509社科库 14排2列3层/ [索取号:B229/L855] | 在馆 | |
| 3 | 184775 | 201847751 | 社科库509/509社科库 14排2列3层/ [索取号:B229/L855] | 在馆 |